000 00623cam a2200217 4500
001 D7835
008 090401t1982 xxu||||| |||| 00| 0 eng d
035 _a(Sirsi) u9736
041 _aeng
050 _a692.8
100 _aPerry, J.G.
245 _aTarget and cost-reimbursable construction contracts, Part C: preparation of contract conditions (relating to the ICE Conditions
260 _aLondon
_bConstruction Industry Research and Infor
_c1982
300 _a42p. 30cm
350 _a24
490 _aReport
_v85 Part C
700 _aThompson, P.A.
700 _aWright, M.
942 _n0
948 _c04/03/1997
999 _c86657
_d86657